[Event "WCO2014"]
[Site "Tromso"]
[Date "2014.08.09"]
[Round "7.10"]
[WhiteID "10500189"]
[White "Suni Syairazi"]
[BlackID "1801210"]
[Black "Kett Tim"]
[Result "0-1"]
[LiveChessVersion "1.4.3"]
[BlackElo "2244"]
[WhiteElo "1860"]

1. e4 {[%clk 1:30:52]} e5 {[%clk 1:30:51]} 2. Nf3 {[%clk 1:31:06]} Nc6
{[%clk 1:31:11]} 3. Nc3 {[%clk 1:31:05]} Nf6 {[%clk 1:26:07]} 4. d4
{[%clk 1:29:53]} exd4 {[%clk 1:26:28]} 5. Nxd4 {[%clk 1:29:31]} Bb4
{[%clk 1:26:29]} 6. Nxc6 {[%clk 1:25:34]} bxc6 {[%clk 1:26:46]} 7. Bd3
{[%clk 1:25:07]} d5 {[%clk 1:26:05]} 8. exd5 {[%clk 1:23:42]} cxd5
{[%clk 1:26:17]} 9. O-O {[%clk 1:23:55]} O-O {[%clk 1:26:34]} 10. Bg5
{[%clk 1:22:49]} c6 {[%clk 1:26:47]} 11. Qf3 {[%clk 1:22:36]} Rb8
{[%clk 1:24:59]} 12. h3 {[%clk 1:19:06]} Bd6 {[%clk 1:24:23]} 13. Rab1
{[%clk 1:11:08]} Re8 {[%clk 1:20:59]} 14. Ne2 {[%clk 1:08:13]} Be5
{[%clk 1:16:30]} 15. c3 {[%clk 1:05:17]} Qd6 {[%clk 1:14:15]} 16. Bf4
{[%clk 1:04:17]} Bxf4 {[%clk 1:07:41]} 17. Qxf4 {[%clk 1:03:42]} Qxf4
{[%clk 1:07:58]} 18. Nxf4 {[%clk 1:04:04]} Be6 {[%clk 0:53:53]} 19. Ne2
{[%clk 0:54:16]} c5 {[%clk 0:51:40]} 20. b4 {[%clk 0:48:21]} c4 {[%clk 0:43:51]}
21. Bc2 {[%clk 0:48:38]} Bxh3 {[%clk 0:43:55]} 22. Nd4 {[%clk 0:43:18]} Bd7
{[%clk 0:41:43]} 23. Rfe1 {[%clk 0:39:21]} g6 {[%clk 0:41:03]} 24. f3
{[%clk 0:37:13]} Nh5 {[%clk 0:38:13]} 25. Kf2 {[%clk 0:32:19]} Nf4
{[%clk 0:38:09]} 26. Rxe8+ {[%clk 0:28:58]} Rxe8 {[%clk 0:37:17]} 27. b5
{[%clk 0:26:19]} Ne6 {[%clk 0:37:11]} 28. Nxe6 {[%clk 0:25:24]} fxe6
{[%clk 0:35:04]} 29. a4 {[%clk 0:24:58]} Rb8 {[%clk 0:35:15]} 30. f4
{[%clk 0:23:26]} Kf7 {[%clk 0:29:45]} 31. Ke3 {[%clk 0:23:08]} Ke7
{[%clk 0:22:41]} 32. Rh1 {[%clk 0:23:11]} h5 {[%clk 0:22:26]} 33. Bxg6
{[%clk 0:20:31]} Rg8 {[%clk 0:22:45]} 34. Bxh5 {[%clk 0:19:33]} Rxg2
{[%clk 0:22:45]} 35. Be2 {[%clk 0:18:15]} Rg7 {[%clk 0:11:18]} 36. Rh6
{[%clk 0:15:35]} Rg1 {[%clk 0:07:47]} 37. Kd2 {[%clk 0:14:08]} Ra1
{[%clk 0:05:37]} 38. Bd1 {[%clk 0:13:48]} Ra2+ {[%clk 0:04:14]} 39. Bc2
{[%clk 0:12:50]} a6 {[%clk 0:01:38]} 40. Kc1 {[%clk 0:03:33]} axb5
{[%clk 0:01:06]} 41. axb5 {[%clk 0:03:49]} Bxb5 {[%clk 0:00:39]} 42. Rh7+
{[%clk 0:04:00]} Kd6 {[%clk 0:00:47]} 43. Rh6 {[%clk 0:04:15]} Bd7
{[%clk 0:07:04]} 44. f5 {[%clk 0:35:27]} Ra8 {[%clk 0:07:18]} 45. Bd1
{[%clk 0:34:42]} Rg8 {[%clk 0:04:27]} 46. Bh5 {[%clk 0:33:54]} Rg1+
{[%clk 0:03:59]} 47. Kd2 {[%clk 0:33:47]} Rh1 {[%clk 0:04:14]} 48. Ke3
{[%clk 0:32:38]} Ke5 {[%clk 0:04:18]} 49. fxe6 {[%clk 0:27:11]} Bxe6
{[%clk 0:04:14]} 50. Rh7 {[%clk 0:25:31]} Rh3+ {[%clk 0:04:23]} 51. Kd2
{[%clk 0:23:03]} Bf5 {[%clk 0:03:54]} 52. Re7+ {[%clk 0:22:10]} Kd6
{[%clk 0:03:36]} 0-1

[Event "WCO2014"]
[Site "Tromso"]
[Date "2014.08.09"]
[Round "7.11"]
[WhiteID "1800132"]
[White "Rayner Francis"]
[BlackID "10500677"]
[Black "Izzuddin Zain"]
[Result "1-0"]
[LiveChessVersion "1.4.3"]
[BlackElo "1933"]
[WhiteElo "2177"]

1. Nf3 {[%clk 1:30:57]} Nf6 {[%clk 1:30:49]} 2. c4 {[%clk 1:30:46]} c5
{[%clk 1:31:09]} 3. Nc3 {[%clk 1:30:24]} g6 {[%clk 1:31:24]} 4. d4
{[%clk 1:28:21]} cxd4 {[%clk 1:31:36]} 5. Nxd4 {[%clk 1:28:46]} Nc6
{[%clk 1:32:00]} 6. g3 {[%clk 1:27:15]} Nxd4 {[%clk 1:30:19]} 7. Qxd4
{[%clk 1:27:39]} Bg7 {[%clk 1:29:44]} 8. Bg2 {[%clk 1:27:47]} O-O
{[%clk 1:29:37]} 9. O-O {[%clk 1:27:21]} d6 {[%clk 1:28:10]} 10. Qd3
{[%clk 1:25:40]} Nd7 {[%clk 1:26:55]} 11. b3 {[%clk 1:22:37]} Nc5
{[%clk 1:22:06]} 12. Qd2 {[%clk 1:21:58]} Rb8 {[%clk 1:02:05]} 13. Bb2
{[%clk 1:21:19]} Qa5 {[%clk 0:58:45]} 14. Rfd1 {[%clk 1:19:52]} Re8
{[%clk 0:57:54]} 15. h3 {[%clk 1:08:33]} Be6 {[%clk 0:52:55]} 16. Qc2
{[%clk 1:05:50]} a6 {[%clk 0:46:19]} 17. Nd5 {[%clk 1:03:51]} Bxb2
{[%clk 0:34:22]} 18. Qxb2 {[%clk 1:04:14]} Qd8 {[%clk 0:33:32]} 19. Rac1
{[%clk 1:00:39]} Nd7 {[%clk 0:29:28]} 20. Nf4 {[%clk 0:56:38]} Qb6
{[%clk 0:17:48]} 21. Rd4 {[%clk 0:39:31]} Bf5 {[%clk 0:14:56]} 22. Nd5
{[%clk 0:37:39]} Qd8 {[%clk 0:12:44]} 23. Rh4 {[%clk 0:34:30]} g5
{[%clk 0:10:40]} 24. Rd4 {[%clk 0:33:26]} b5 {[%clk 0:08:25]} 25. Qd2
{[%clk 0:26:37]} e5 {[%clk 0:08:37]} 26. Ne3 {[%clk 0:26:09]} exd4
{[%clk 0:08:31]} 27. Nxf5 {[%clk 0:26:35]} Qf6 {[%clk 0:08:40]} 28. Nxd4
{[%clk 0:25:55]} bxc4 {[%clk 0:08:21]} 29. Rxc4 {[%clk 0:26:04]} Rbc8
{[%clk 0:06:50]} 30. Ra4 {[%clk 0:22:18]} Nc5 {[%clk 0:07:09]} 31. Ra5
{[%clk 0:22:32]} h6 {[%clk 0:07:05]} 32. e3 {[%clk 0:18:50]} Qe7 {[%clk 0:04:01]}
33. Nf5 {[%clk 0:17:56]} Qf6 {[%clk 0:03:58]} 34. Nd4 {[%clk 0:12:23]} d5
{[%clk 0:01:59]} 35. Bxd5 {[%clk 0:11:45]} Re5 {[%clk 0:02:20]} 36. Bg2
{[%clk 0:11:34]} Ne4 {[%clk 0:01:31]} 37. Bxe4 {[%clk 0:11:25]} Rxe4
{[%clk 0:01:38]} 38. Qd3 {[%clk 0:10:57]} Ree8 {[%clk 0:00:58]} 39. Rxa6
{[%clk 0:11:04]} Qh8 {[%clk 0:00:42]} 40. Kg2 {[%clk 0:05:05]} Rcd8
{[%clk 0:00:38]} 41. b4 {[%clk 0:03:38]} Ra8 {[%clk 0:21:28]} 42. a4
{[%clk 0:33:06]} Rxa6 {[%clk 0:07:07]} 43. Qxa6 {[%clk 0:33:31]} Kh7
{[%clk 0:04:00]} 44. Qb7 {[%clk 0:29:19]} Qf6 {[%clk 0:03:46]} 45. a5
{[%clk 0:29:14]} Re7 {[%clk 0:03:30]} 46. Qc6 {[%clk 0:28:06]} Qe5
{[%clk 0:03:36]} 47. Qf3 {[%clk 0:26:02]} Rc7 {[%clk 0:02:14]} 48. b5 1-0

[Event "WCO2014"]
[Site "Tromso"]
[Date "2014.08.09"]
[Round "7.12"]
[WhiteID "10500170"]
[White "Kamis Kamarunsalehin"]
[BlackID "1801538"]
[Black "Jameson David"]
[Result "1/2-1/2"]
[LiveChessVersion "1.4.3"]
[BlackElo "2125"]
[WhiteElo "1977"]

1. d4 {[%clk 1:30:54]} Nf6 {[%clk 1:30:57]} 2. c4 {[%clk 1:31:16]} c5
{[%clk 1:31:23]} 3. Nf3 {[%clk 1:31:00]} g6 {[%clk 1:31:33]} 4. Nc3
{[%clk 1:31:02]} cxd4 {[%clk 1:31:54]} 5. Nxd4 {[%clk 1:31:18]} Bg7
{[%clk 1:32:15]} 6. e4 {[%clk 1:30:49]} d6 {[%clk 1:32:40]} 7. Be2
{[%clk 1:29:59]} O-O {[%clk 1:33:04]} 8. Be3 {[%clk 1:29:25]} Nc6
{[%clk 1:33:28]} 9. O-O {[%clk 1:24:26]} a6 {[%clk 1:33:11]} 10. Qd2
{[%clk 1:23:50]} Bd7 {[%clk 1:31:53]} 11. Rac1 {[%clk 1:20:22]} Nxd4
{[%clk 1:28:14]} 12. Bxd4 {[%clk 1:19:29]} Bc6 {[%clk 1:28:35]} 13. f3
{[%clk 1:18:51]} Rc8 {[%clk 1:28:42]} 14. Rfd1 {[%clk 1:16:26]} Nd7
{[%clk 1:19:16]} 15. Be3 {[%clk 1:16:13]} Re8 {[%clk 1:19:24]} 16. Nd5
{[%clk 1:09:32]} Nf6 {[%clk 1:04:01]} 17. Nb6 {[%clk 0:59:28]} Rb8
{[%clk 1:02:31]} 18. a4 {[%clk 0:57:50]} Nd7 {[%clk 0:58:46]} 19. a5
{[%clk 0:54:30]} Nxb6 {[%clk 0:58:35]} 20. Bxb6 {[%clk 0:54:52]} Qd7
{[%clk 0:55:51]} 21. b3 {[%clk 0:41:48]} Qe6 {[%clk 0:55:49]} 22. Rb1
{[%clk 0:39:28]} Qe5 {[%clk 0:54:44]} 23. b4 {[%clk 0:35:16]} Rec8
{[%clk 0:40:39]} 24. b5 {[%clk 0:27:15]} axb5 {[%clk 0:40:38]} 25. cxb5
{[%clk 0:27:34]} Bd7 {[%clk 0:37:59]} 26. Qe3 {[%clk 0:19:41]} Rc3
{[%clk 0:31:28]} 27. Rd3 {[%clk 0:14:16]} Rc2 {[%clk 0:23:23]} 28. Bd4
{[%clk 0:10:58]} Qe6 {[%clk 0:23:33]} 29. Bxg7 {[%clk 0:10:48]} Kxg7
{[%clk 0:22:42]} 30. Rdb3 {[%clk 0:09:20]} f5 {[%clk 0:16:12]} 31. Bd3
{[%clk 0:08:15]} Ra2 {[%clk 0:14:04]} 32. Qd4+ {[%clk 0:07:53]} Qf6
{[%clk 0:12:33]} 33. Qxf6+ {[%clk 0:05:45]} Kxf6 {[%clk 0:12:59]} 34. a6
{[%clk 0:04:51]} Be6 {[%clk 0:11:02]} 35. Rb4 {[%clk 0:03:58]} fxe4
{[%clk 0:10:59]} 36. fxe4 {[%clk 0:03:50]} Bc8 {[%clk 0:06:47]} 37. axb7
{[%clk 0:02:34]} Rxb7 {[%clk 0:06:43]} 38. Bc4 {[%clk 0:02:47]} Rc2
{[%clk 0:06:27]} 39. Bd5 {[%clk 0:02:45]} Rb6 {[%clk 0:05:59]} 40. R1b2
{[%clk 0:01:37]} Rxb2 {[%clk 0:05:46]} 41. Rxb2 {[%clk 0:02:02]} Bb7
{[%clk 0:27:23]} 42. Bxb7 {[%clk 0:24:38]} Rxb7 {[%clk 0:27:50]} 43. Kf2
{[%clk 0:24:56]} Ke5 {[%clk 0:27:57]} 44. Ke3 {[%clk 0:24:54]} 1/2-1/2

[Event "WCO2014"]
[Site "Tromso"]
[Date "2014.08.09"]
[Round "7.32"]
[WhiteID "2212552"]
[White "Huguet Sergio"]
[BlackID "7700156"]
[Black "Harper Ryan"]
[Result "1/2-1/2"]
[LiveChessVersion "1.4.3"]
[BlackElo "2236"]
[WhiteElo "2055"]

1. e4 {[%clk 1:30:57]} e5 {[%clk 1:30:56]} 2. Nf3 {[%clk 1:31:03]} Nc6
{[%clk 1:31:19]} 3. Bb5 {[%clk 1:30:48]} a6 {[%clk 1:31:31]} 4. Ba4
{[%clk 1:30:42]} Nf6 {[%clk 1:31:36]} 5. O-O {[%clk 1:29:11]} Be7
{[%clk 1:31:34]} 6. Re1 {[%clk 1:28:45]} b5 {[%clk 1:31:43]} 7. Bb3
{[%clk 1:29:05]} O-O {[%clk 1:31:59]} 8. a4 {[%clk 1:27:29]} Rb8 {[%clk 1:29:40]}
9. c3 {[%clk 1:26:01]} d5 {[%clk 1:21:19]} 10. exd5 {[%clk 1:22:19]} Nxd5
{[%clk 1:21:37]} 11. axb5 {[%clk 1:20:19]} axb5 {[%clk 1:22:00]} 12. Nxe5
{[%clk 1:19:22]} Nxe5 {[%clk 1:22:23]} 13. Rxe5 {[%clk 1:19:21]} c6
{[%clk 1:21:30]} 14. d4 {[%clk 1:10:56]} Bd6 {[%clk 1:21:15]} 15. Re1
{[%clk 1:10:43]} Qh4 {[%clk 1:21:34]} 16. g3 {[%clk 1:09:56]} Qh3
{[%clk 1:21:58]} 17. Qf3 {[%clk 1:04:13]} Bg4 {[%clk 1:21:10]} 18. Qg2
{[%clk 1:02:01]} Qh5 {[%clk 1:18:21]} 19. Na3 {[%clk 0:42:45]} Bf3
{[%clk 1:08:13]} 20. Qf1 {[%clk 0:42:41]} b4 {[%clk 1:08:23]} 21. cxb4
{[%clk 0:34:57]} Rxb4 {[%clk 1:08:26]} 22. Bd1 {[%clk 0:26:48]} Rxd4
{[%clk 1:06:31]} 23. Bxf3 {[%clk 0:25:58]} Qxf3 {[%clk 1:06:55]} 24. Nc2
{[%clk 0:24:22]} Re4 {[%clk 1:01:22]} 25. Rxe4 {[%clk 0:21:35]} Qxe4
{[%clk 1:01:46]} 26. Ne3 {[%clk 0:21:07]} Nxe3 27. Bxe3 {[%clk 0:21:18]} Be5
{[%clk 0:31:24]} 28. Bc5 {[%clk 0:12:57]} Rb8 {[%clk 0:30:45]} 29. Re1
{[%clk 0:11:31]} Qd5 {[%clk 0:31:02]} 30. b4 {[%clk 0:10:23]} h6 {[%clk 0:27:01]}
31. Qg2 {[%clk 0:09:06]} Qxg2+ {[%clk 0:08:42]} 32. Kxg2 {[%clk 0:09:30]} Bc3
{[%clk 0:08:36]} 33. Re4 {[%clk 0:08:24]} f5 {[%clk 0:07:02]} 34. Rc4
{[%clk 0:08:28]} Bf6 {[%clk 0:07:24]} 35. Bd4 {[%clk 0:07:21]} Bxd4
{[%clk 0:03:28]} 36. Rxd4 {[%clk 0:07:44]} Kf7 {[%clk 0:03:22]} 37. Rd7+
{[%clk 0:06:25]} Kf6 {[%clk 0:03:06]} 38. Rd6+ {[%clk 0:06:18]} Kf7
{[%clk 0:03:28]} 39. Rxc6 {[%clk 0:06:34]} 1/2-1/2

[Event "WCO2014"]
[Site "Tromso"]
[Date "2014.08.09"]
[Round "7.31"]
[WhiteID "7700750"]
[White "Winter Atwell Adrian"]
[BlackID "8400342"]
[Black "Medina Viana Ricardo"]
[Result "1/2-1/2"]
[LiveChessVersion "1.4.3"]
[BlackElo "2063"]
[WhiteElo "2110"]

1. e4 {[%clk 1:30:42]} d5 {[%clk 1:30:47]} 2. exd5 {[%clk 1:30:38]} Qxd5
{[%clk 1:31:10]} 3. Nc3 {[%clk 1:30:27]} Qd8 {[%clk 1:31:33]} 4. d4
{[%clk 1:29:20]} c6 {[%clk 1:30:49]} 5. Bc4 {[%clk 1:28:52]} Bf5 {[%clk 1:30:59]}
6. Nf3 {[%clk 1:28:20]} e6 {[%clk 1:31:18]} 7. Bf4 {[%clk 1:23:59]} Nf6
{[%clk 1:29:35]} 8. Ne5 {[%clk 1:19:01]} Be7 {[%clk 1:26:07]} 9. f3
{[%clk 1:14:53]} Qb6 {[%clk 1:22:15]} 10. Bb3 {[%clk 1:12:14]} Nd5
{[%clk 1:19:46]} 11. Nxd5 {[%clk 1:08:22]} exd5 {[%clk 1:19:10]} 12. g4
{[%clk 1:01:37]} Be6 {[%clk 1:12:39]} 13. c3 {[%clk 0:58:50]} Nd7
{[%clk 1:08:04]} 14. Qd2 {[%clk 0:51:54]} Bh4+ {[%clk 1:05:51]} 15. Bg3
{[%clk 0:49:43]} Bxg3+ {[%clk 1:05:15]} 16. hxg3 {[%clk 0:50:02]} Nxe5
{[%clk 1:05:36]} 17. dxe5 {[%clk 0:50:22]} O-O-O {[%clk 1:05:31]} 18. O-O-O
{[%clk 0:47:17]} h6 {[%clk 1:05:47]} 19. Bc2 {[%clk 0:45:02]} Rhe8
{[%clk 1:03:17]} 20. Rhe1 {[%clk 0:40:03]} d4 {[%clk 0:59:05]} 21. cxd4
{[%clk 0:30:49]} Bxa2 {[%clk 0:58:54]} 22. Qc3 {[%clk 0:29:04]} Bd5
{[%clk 0:55:47]} 23. b3 {[%clk 0:25:11]} Kb8 {[%clk 0:53:19]} 24. Kb2
{[%clk 0:22:30]} Re7 {[%clk 0:50:52]} 25. f4 {[%clk 0:20:10]} Rc8
{[%clk 0:38:04]} 26. Be4 {[%clk 0:15:26]} a6 {[%clk 0:35:48]} 27. b4
{[%clk 0:14:41]} Bxe4 {[%clk 0:11:00]} 28. Rxe4 {[%clk 0:14:53]} a5
{[%clk 0:09:35]} 29. Qc5 {[%clk 0:14:05]} Qxb4+ {[%clk 0:09:20]} 30. Qxb4
{[%clk 0:14:29]} axb4 {[%clk 0:09:38]} 31. Kb3 {[%clk 0:14:07]} Kc7
{[%clk 0:07:46]} 32. d5 {[%clk 0:13:43]} cxd5 {[%clk 0:04:40]} 33. Rxd5
{[%clk 0:14:06]} Kb8 {[%clk 0:02:33]} 34. Rxb4 {[%clk 0:13:43]} Rec7
{[%clk 0:02:45]} 35. Rd3 {[%clk 0:13:46]} Ka7 {[%clk 0:02:00]} 36. f5
{[%clk 0:14:04]} b6 {[%clk 0:01:23]} 37. e6 {[%clk 0:13:18]} fxe6
{[%clk 0:01:41]} 38. fxe6 {[%clk 0:13:40]} Ka6 {[%clk 0:01:04]} 39. Re4
{[%clk 0:13:28]} Re7 {[%clk 0:00:48]} 40. Rd7 {[%clk 0:13:14]} Rce8
{[%clk 0:01:11]} 41. Rxe7 {[%clk 0:12:05]} Rxe7 {[%clk 0:01:28]} 42. Kc4
{[%clk 0:12:29]} Kb7 {[%clk 0:29:44]} 43. Kd5 {[%clk 0:43:46]} Kc7
{[%clk 0:28:46]} 44. Rc4+ {[%clk 0:43:21]} Kd8 {[%clk 0:22:29]} 45. Kd6
{[%clk 0:41:33]} Ra7 {[%clk 0:22:36]} 46. Rc6 {[%clk 0:41:24]} Rb7
{[%clk 0:21:53]} 47. Rc2 {[%clk 0:41:05]} b5 {[%clk 0:19:45]} 48. Ra2
{[%clk 0:39:55]} Rb6+ {[%clk 0:19:27]} 49. Ke5 {[%clk 0:39:50]} b4
{[%clk 0:17:38]} 1/2-1/2

[Event "WCO2014"]
[Site "Tromso"]
[Date "2014.08.09"]
[Round "7.30"]
[WhiteID "8400709"]
[White "Gavarrete Nahun"]
[BlackID "7700768"]
[Black "Johnson Joshua"]
[Result "0-1"]
[LiveChessVersion "1.4.3"]
[BlackElo "2069"]
[WhiteElo "2190"]

1. c4 {[%clk 1:30:56]} e5 {[%clk 1:30:32]} 2. Nc3 {[%clk 1:31:15]} Nf6
{[%clk 1:30:57]} 3. g3 {[%clk 1:31:37]} Nc6 {[%clk 1:31:00]} 4. Bg2
{[%clk 1:31:52]} Bc5 {[%clk 1:31:04]} 5. e3 {[%clk 1:32:03]} d5 {[%clk 1:29:27]}
6. Nxd5 {[%clk 1:27:54]} Nxd5 {[%clk 1:29:50]} 7. cxd5 {[%clk 1:28:01]} Nb4
{[%clk 1:30:16]} 8. Qb3 {[%clk 1:26:57]} c6 {[%clk 1:29:28]} 9. dxc6
{[%clk 1:26:51]} Bf5 {[%clk 1:14:09]} 10. cxb7 {[%clk 1:22:27]} Rb8
{[%clk 1:10:29]} 11. d4 {[%clk 1:20:18]} exd4 {[%clk 1:01:10]} 12. exd4
{[%clk 1:16:04]} Nc2+ {[%clk 0:21:51]} 13. Kf1 {[%clk 1:16:13]} O-O
{[%clk 0:21:30]} 14. Ne2 {[%clk 1:13:05]} Nxa1 {[%clk 0:15:53]} 15. Qb5
{[%clk 1:13:22]} Bxd4 {[%clk 0:15:26]} 16. Qxf5 {[%clk 1:10:57]} Bxb2
{[%clk 0:13:22]} 17. Be4 {[%clk 1:10:59]} g6 {[%clk 0:13:49]} 18. Qg5
{[%clk 1:11:03]} Qd1+ {[%clk 0:11:41]} 19. Kg2 {[%clk 1:11:24]} Qxe2
{[%clk 0:11:51]} 20. Bxb2 {[%clk 1:11:46]} Qxe4+ {[%clk 0:07:03]} 21. Kh3
{[%clk 1:12:00]} Rxb7 {[%clk 0:04:27]} 22. Bxa1 {[%clk 1:12:07]} f6
{[%clk 0:04:51]} 23. Qc1 {[%clk 1:12:16]} Rb5 {[%clk 0:05:13]} 24. Qf4
{[%clk 1:08:34]} Rh5+ {[%clk 0:05:19]} 0-1

[Event "WCO2014"]
[Site "Tromso"]
[Date "2014.08.09"]
[Round "7.29"]
[WhiteID "7700148"]
[White "Merritt Mario"]
[BlackID "8400490"]
[Black "Deras Flores Rodolfo"]
[Result "1/2-1/2"]
[LiveChessVersion "1.4.3"]
[BlackElo "1904"]
[WhiteElo "2078"]

1. c4 {[%clk 1:30:57]} Nf6 2. g3 b6 {[%clk 1:29:41]} 3. Bg2 {[%clk 1:31:16]} Nc6
{[%clk 1:30:03]} 4. Nf3 {[%clk 1:31:17]} Bb7 {[%clk 1:30:24]} 5. O-O
{[%clk 1:31:36]} e6 {[%clk 1:29:08]} 6. d4 {[%clk 1:31:31]} d5 {[%clk 1:28:14]}
7. Qa4 {[%clk 1:30:02]} Qd7 {[%clk 1:26:37]} 8. Nc3 {[%clk 1:27:52]} Bb4
{[%clk 1:20:32]} 9. cxd5 {[%clk 1:28:03]} exd5 {[%clk 1:14:47]} 10. Ne5
{[%clk 0:54:19]} Nxe5 {[%clk 1:14:03]} 11. Qxb4 {[%clk 0:54:41]} Nc6
{[%clk 0:47:19]} 12. Qa4 {[%clk 0:54:58]} h6 {[%clk 0:41:18]} 13. Rd1
{[%clk 0:43:40]} O-O {[%clk 0:36:18]} 14. Bf4 {[%clk 0:39:43]} a6
{[%clk 0:31:13]} 15. b4 {[%clk 0:39:06]} Rac8 {[%clk 0:21:36]} 16. Rac1
{[%clk 0:38:40]} Ne7 {[%clk 0:08:51]} 17. Qb3 {[%clk 0:24:08]} Nh5
{[%clk 0:06:27]} 18. Bd2 {[%clk 0:23:11]} g5 {[%clk 0:04:20]} 19. a4
{[%clk 0:20:54]} Kg7 {[%clk 0:04:33]} 20. b5 {[%clk 0:19:34]} a5 {[%clk 0:04:29]}
21. Rc2 {[%clk 0:18:45]} f5 {[%clk 0:04:41]} 22. Bc1 {[%clk 0:18:02]} f4
{[%clk 0:04:28]} 23. Ba3 {[%clk 0:17:56]} Rf7 {[%clk 0:03:11]} 24. Bxe7
{[%clk 0:16:34]} Rxe7 {[%clk 0:01:09]} 25. Bxd5 {[%clk 0:16:20]} c6
{[%clk 0:00:36]} 26. bxc6 {[%clk 0:11:10]} Bxc6 {[%clk 0:00:55]} 27. Bxc6
{[%clk 0:11:33]} Rxc6 {[%clk 0:01:00]} 28. Nb5 {[%clk 0:11:05]} Rxc2
{[%clk 0:01:05]} 29. Qxc2 {[%clk 0:11:34]} fxg3 {[%clk 0:01:15]} 30. hxg3
{[%clk 0:11:41]} Qh3 {[%clk 0:00:49]} 31. Rd3 {[%clk 0:11:48]} Qg4
{[%clk 0:00:56]} 32. Kf1 {[%clk 0:06:34]} Rf7 {[%clk 0:00:49]} 33. Ke1
{[%clk 0:05:20]} Qf5 {[%clk 0:01:17]} 34. d5 {[%clk 0:03:09]} Qxf2+
{[%clk 0:01:20]} 35. Kd2 {[%clk 0:03:37]} Nf6 {[%clk 0:00:42]} 36. Qc3
{[%clk 0:02:50]} Kh7 {[%clk 0:00:50]} 37. Qe5 {[%clk 0:02:27]} Qc5
{[%clk 0:00:40]} 38. Nc3 {[%clk 0:02:02]} Qb4 {[%clk 0:00:57]} 39. Rf3
{[%clk 0:01:04]} Kg6 {[%clk 0:00:42]} 40. Qf5+ {[%clk 0:00:51]} Kg7
{[%clk 0:01:04]} 41. Qe5 {[%clk 0:01:16]} Kg6 {[%clk 0:01:28]} 42. d6
{[%clk 0:01:10]} Qc4 {[%clk 0:01:24]} 43. Ke1 {[%clk 0:00:40]} Qc5
{[%clk 0:01:23]} 44. Qxc5 {[%clk 0:00:38]} bxc5 {[%clk 0:01:51]} 45. Re3
{[%clk 0:00:58]} Nd7 {[%clk 0:01:22]} 46. Nd5 {[%clk 0:28:57]} h5
{[%clk 0:27:51]} 47. Ne7+ {[%clk 0:27:41]} Kf6 {[%clk 0:21:05]} 48. Nc6
{[%clk 0:24:53]} Nb6 {[%clk 0:19:44]} 49. Rf3+ {[%clk 0:22:45]} Kg7
{[%clk 0:19:12]} 50. Rd3 {[%clk 0:19:34]} Rd7 {[%clk 0:15:45]} 51. Nxa5
{[%clk 0:19:31]} Kf6 {[%clk 0:13:21]} 52. Nc6 {[%clk 0:19:13]} Nxa4
{[%clk 0:08:27]} 53. e4 {[%clk 0:18:18]} Ke6 {[%clk 0:06:59]} 54. e5
{[%clk 0:18:35]} Nb6 {[%clk 0:07:02]} 55. Rb3 {[%clk 0:15:11]} Nc4
{[%clk 0:06:44]} 56. Rb5 {[%clk 0:06:35]} Nxd6 {[%clk 0:05:20]} 57. exd6
{[%clk 0:05:57]} Kxd6 {[%clk 0:05:29]} 58. Na5 {[%clk 0:06:21]} Kd5
{[%clk 0:04:59]} 59. Nb3 {[%clk 0:03:49]} Rc7 {[%clk 0:04:44]} 60. Nd2
{[%clk 0:03:58]} Kd4 {[%clk 0:03:58]} 61. Nf3+ {[%clk 0:02:23]} Kc4
{[%clk 0:04:26]} 62. Rb6 {[%clk 0:02:22]} g4 {[%clk 0:04:18]} 63. Nd2+
{[%clk 0:02:37]} Kd5 {[%clk 0:02:53]} 64. Rb5 {[%clk 0:01:23]} Re7+
{[%clk 0:03:00]} 65. Kf2 {[%clk 0:01:42]} Re5 {[%clk 0:02:10]} 66. Rb8
{[%clk 0:01:53]} Kd4 {[%clk 0:02:05]} 67. Rd8+ {[%clk 0:00:35]} Rd5
{[%clk 0:02:02]} 68. Nb3+ {[%clk 0:00:37]} Kc4 {[%clk 0:01:50]} 69. Na5+
{[%clk 0:00:45]} Kd4 {[%clk 0:02:03]} 70. Nb3+ {[%clk 0:00:45]} Ke4
{[%clk 0:01:26]} 71. Nd2+ {[%clk 0:00:47]} Ke5 {[%clk 0:01:34]} 72. Rxd5+
{[%clk 0:00:45]} Kxd5 {[%clk 0:02:03]} 73. Ke3 {[%clk 0:01:12]} Ke5
{[%clk 0:01:10]} 74. Nc4+ {[%clk 0:00:56]} Kf5 {[%clk 0:01:03]} 75. Nd6+
{[%clk 0:01:22]} Ke6 {[%clk 0:01:07]} 76. Ne4 {[%clk 0:01:29]} c4
{[%clk 0:00:51]} 77. Kd4 {[%clk 0:01:19]} Kf5 {[%clk 0:01:18]} 78. Kd5
{[%clk 0:00:46]} c3 {[%clk 0:00:43]} 79. Nxc3 {[%clk 0:00:53]} h4
{[%clk 0:01:12]} 80. Ne4 {[%clk 0:00:35]} hxg3 {[%clk 0:01:07]} 81. Nxg3+
{[%clk 0:00:59]} Kf4 {[%clk 0:01:32]} 82. Nh5+ {[%clk 0:01:23]} 1/2-1/2

[Event "WCO2014"]
[Site "Tromso"]
[Date "2014.08.09"]
[Round "7.6"]
[WhiteID "14306352"]
[White "Lima Osvaldo Dos Santos"]
[BlackID "16700058"]
[Black "Mohamed Hassan"]
[Result "1/2-1/2"]
[LiveChessVersion "1.4.3"]
[BlackElo "1830"]
[WhiteElo "1751"]

1. d4 Nf6 2. c4 e6 3. Nc3 Bb4 4. a3 Bxc3+ 5. bxc3 O-O 6. g3 d6 7. Bg2 Nbd7 8. e3
Rb8 9. Nf3 b6 10. O-O a5 11. Nd2 Ba6 12. Re1 e5 13. a4 Re8 14. Qc2 Qe7 15. Ba3
Qe6 16. d5 Qe7 17. e4 Kh8 18. Rab1 Ng4 19. h3 Nh6 20. Re3 Rf8 21. g4 Ng8 22. Rg3
g6 23. Re1 f6 24. Qd3 Qf7 25. Rf3 Qg7 26. Nf1 Ne7 27. Ne3 Rf7 28. Bc1 Rbf8 29.
Rg3 Nc5 30. Qc2 Rg8 31. Bf1 Qf8 32. Ba3 Nd7 33. c5 Nxc5 34. Bxc5 Bxf1 35. Bxd6
cxd6 36. Nxf1 f5 37. f3 Qc8 38. c4 Rgf8 39. Nd2 Qc5+ 40. Kf1 fxe4 41. Qxe4 Rf4
42. Qe3 Rd4 43. Rg2 Qb4 44. Rge2 Qxa4 45. Kg2 Qd7 46. Rb1 Nc8 47. Qc3 Qf7 48. Ne4
Qf4 49. Rf1 h5 50. Ref2 h4 51. Qb3 Kg7 52. Kg1 Rf7 53. Kg2 Rc7 54. Rc2 a4 55. Qa3
Rxe4 56. fxe4 Qxe4+ 57. Qf3 Qxc2+ 58. Rf2 Qxc4 59. Qf6+ Kh7 60. Qxh4+ Kg7 61.
Qf6+ Kh7 1/2-1/2

[Event "WCO2014"]
[Site "Tromso"]
[Date "2014.08.09"]
[Round "7.28"]
[WhiteID "15200051"]
[White "Eichab Charles"]
[BlackID "19700261"]
[Black "Drayton Anthony"]
[Result "0-1"]
[LiveChessVersion "1.4.3"]
[BlackElo "1828"]
[WhiteElo "2048"]

1. c4 {[%clk 1:29:47]} Nf6 {[%clk 1:29:40]} 2. g3 {[%clk 1:30:03]} c6
{[%clk 1:30:00]} 3. Bg2 {[%clk 1:30:08]} d5 {[%clk 1:30:08]} 4. Nf3
{[%clk 1:28:51]} e6 {[%clk 1:29:18]} 5. b3 {[%clk 1:28:07]} Bc5 {[%clk 1:29:04]}
6. d4 {[%clk 1:26:52]} Bb4+ {[%clk 1:29:11]} 7. Bd2 {[%clk 1:26:57]} Bxd2+
{[%clk 1:25:50]} 8. Nbxd2 {[%clk 1:27:12]} O-O {[%clk 1:26:01]} 9. O-O
{[%clk 1:27:05]} Nbd7 {[%clk 1:26:23]} 10. Re1 {[%clk 1:26:40]} Re8
{[%clk 1:23:36]} 11. e4 {[%clk 1:26:40]} dxe4 {[%clk 1:18:40]} 12. Nxe4
{[%clk 1:21:15]} Nxe4 {[%clk 1:17:32]} 13. Rxe4 {[%clk 1:21:39]} b6
{[%clk 1:09:05]} 14. Qc2 {[%clk 1:14:01]} Bb7 {[%clk 1:02:36]} 15. c5
{[%clk 1:13:28]} h6 {[%clk 1:01:52]} 16. Ne5 {[%clk 1:03:38]} Qe7
{[%clk 0:56:43]} 17. Rd1 {[%clk 0:59:56]} Red8 {[%clk 0:55:07]} 18. b4
{[%clk 0:55:11]} a5 {[%clk 0:43:19]} 19. a3 {[%clk 0:41:08]} axb4
{[%clk 0:42:53]} 20. axb4 {[%clk 0:41:24]} bxc5 {[%clk 0:42:49]} 21. dxc5
{[%clk 0:29:22]} Nxe5 {[%clk 0:43:16]} 22. Rxd8+ {[%clk 0:27:05]} Qxd8
{[%clk 0:43:43]} 23. Re1 {[%clk 0:23:18]} Qd4 {[%clk 0:41:25]} 24. Qb1
{[%clk 0:20:45]} Nd3 {[%clk 0:41:29]} 25. Rd1 {[%clk 0:19:09]} Qxf2+
{[%clk 0:41:29]} 26. Kh1 {[%clk 0:19:25]} Ra2 {[%clk 0:41:50]} 27. Rg1
{[%clk 0:19:08]} Ne5 {[%clk 0:41:52]} 28. Qe4 {[%clk 0:18:43]} Re2
{[%clk 0:42:11]} 29. Qh4 {[%clk 0:18:08]} Re1 {[%clk 0:40:38]} 0-1